000 00473cam a2200145 4500500
005 20251012032549.0
041 _afre
042 _adc
100 1 0 _aMotoret, Laurence
_eauthor
245 0 0 _aQuand les Jacobins se faisaient du mouron : l’ombre de la baronne Orczy
260 _c2005.
500 _a15
786 0 _nSigila | 16 | 2 | 2005-12-20 | p. 53-65 | 1286-1715
856 4 1 _uhttps://shs.cairn.info/revue-sigila-2005-2-page-53?lang=fr&redirect-ssocas=7080
999 _c1547641
_d1547641